| 000 | 00000nam##2200000za#4500 |
| 001 | 9.659543 |
| 003 | CaOODSP |
| 005 | 20200330132247 |
| 007 | ta |
| 008 | 150407|1997||||xxc||||| f|0| 0 eng|d |
| 020 | |a0-662-63135-8 |
| 040 | |aCaOODSP|beng |
| 041 | |aeng |
| 041 | |afre |
| 043 | |an-cn--- |
| 086 | 1 |aCH4-1/21-1997 |
| 110 | 1 |aCanada.|bTask Force on the Implementation of Digital Television. |
| 245 | 10|aCanadian television in the digital era : |bthe report of the Task Force on the Implementation of Digital Television |
| 260 | |aOttawa - Ontario : |bTask Force on the Implementation of Digital Television |c1997. |
| 300 | |aEnglish text, 47p. ; |c28 cm. |
| 546 | |aBilingual |
| 563 | |aSoftcover |
| 590 | |a97-44|b1997-10-31 |
| 776 | 0#|tLa télévision canadienne à l'ère numérique : |w(CaOODSP)9.640493 |
| 776 | 0#|tCanadian television in the digital era : |w(CaOODSP)9.696377 |
| 792 | |tLa télévision canadienne à l'ère numérique : |efre|w(CaOODSP)9.659544 |